000 00713nab a2200229u 4500
001 16674
003 HDC
007 c| |||a|c|aaaa
008 210219b20140602my ||||| |||| 00| 0 may d
040 _aHDC
245 0 _aSyor wujud Akta Halal lindung pengguna Islam
336 _atext
_2rdacontent
337 _acomputer
_2rdamedia
338 _aonline resource
_2rdacarrier
650 _ahalal act
_9950
650 _apig DNA (porcine)
_915846
710 _aBERITA HARIAN
856 _zRequest full-text at [email protected]
942 _2lcc
942 _cNEWS
942 _kNWSC 004912
999 _c13990
_d13990